000 00359nam a22001577a 4500
003 MPLRDC
005 20220104142717.0
008 210129b ||||| |||| 00| 0 eng d
082 _a831.99 RYN
100 _a任雨农
245 _a湘芬堂集
_c
260 _a
_b任雨农
_c1987
300 _b
650 _a中国诗总集
942 _cBK
_o831.99 RYN
999 _c33087
_d33077